Quizzes
Events
Quiz Creation
Community
Videos
Private Events
Remove Ads
Sign In
Join for FREE
Feedback
Dark Mode
Quiz Categories
Sports
Geography
Music
Movies
Television
Just For Fun
Miscellaneous
History
Literature
Language
Science
Gaming
Entertainment
Religion
Holiday
For Kids
Quiz Lab
Recent
Popular Today
Quiz Kudos Today
Editor Picks
Curator Picks
Quizzes by...
Day
Popularity
Type
Ratings
Length
Year
Community
Subscriptions
Recent Discussions
Orange Saloon
Badges
Playlists
Quests
Create
Leaderboards
Showdown
Live 5
Trivia Bingo
Activity
Puzzle Library
Sporcle Events
Private Events
Virtual Trivia
Globe League
Become a Host
Pub Owners
SporcleCon
Opinionation
Our Games
Videos
Blog
Mobile Apps
Partnerships
Remove Ads and Go Orange
Feedback
Geography
Country
Landmarks
City
State
Population
World
Capital
Continent
Flags
Europe
Africa
Asia
South America
North America
Oceania
Border
Canada
United Kingdom
Topography
United States
Geography
Country
Landmarks
City
State
Population
World
Capital
Continent
Flags
Europe
Africa
Asia
South America
North America
Oceania
Border
Canada
United Kingdom
Topography
United States
Random Quiz
Search Sporcle
×
Quiz Lab
Quiz Lab
Geography
Country
Type in answers that appear in a list
Type in answers that appear in a list
Classic
Best Score? Go Orange.
If each state were a country Stats
Can you name the country that is closest in area to each US state?
By
wert
10m
50 Questions
122 Plays
122 Plays
122 Plays
Comments
Comments
Give Quiz Kudos
Give Quiz Kudos
-
- Ratings
hide this ad
More Info
Replay
Link that replays current quiz
Next Quiz
Link to next quiz in quiz playlist
You Got
0%
They Got
Avg Score
55%
Avg Friend Score
Upgrade to see
Score Distribution
Jump to the score distribution portion of the page
Score
0/50
Timer
10:00
0
Plays Today
State
Country
% Correct
Montana
Japan
69.7%
North Carolina
North Korea
68.9%
New York
North Korea
68.9%
Mississippi
North Korea
68.9%
Georgia
Nepal
68%
Michigan
Nepal
68%
Kentucky
Iceland
63.9%
Virginia
Iceland
63.9%
New Mexico
Poland
61.5%
North Dakota
Uruguay
60.7%
Missouri
Uruguay
60.7%
Oklahoma
Uruguay
60.7%
Washington
Uruguay
60.7%
Arkansas
Greece
60.7%
Alabama
Greece
60.7%
Idaho
Guyana
59%
Utah
Guyana
59%
Kansas
Guyana
59%
California
Paraguay
57.4%
Oregon
Guinea
57.4%
Wyoming
Guinea
57.4%
Indiana
Hungary
56.6%
Iowa
Bangladesh
55.7%
Illinois
Bangladesh
55.7%
Maine
Czech Republic
55.7%
State
Country
% Correct
West Virginia
Latvia
55.7%
Massachusetts
Slovenia
55.7%
Nebraska
Kyrgyzstan
54.1%
Tennessee
Guatemala
54.1%
Ohio
Guatemala
54.1%
South Carolina
Serbia
54.1%
Alaska
Mongolia
53.3%
Arizona
Philippines
53.3%
Nevada
Ecuador
53.3%
Wisconsin
Tajikistan
52.5%
Florida
Tajikistan
52.5%
Texas
Myanmar
51.6%
Colorado
Gabon
48.4%
Minnesota
Belarus
48.4%
South Dakota
Senegal
48.4%
Pennsylvania
Eritrea
48.4%
New Jersey
Fiji
48.4%
Louisiana
Benin
47.5%
Vermont
Djibouti
47.5%
New Hampshire
Djibouti
47.5%
Maryland
Macedonia
42.6%
Hawaii
Swaziland
41%
Rhode Island
Samoa
39.3%
Delaware
Trinidad and Tobago
35.2%
Connecticut
Vanuatu
34.4%
Quiz Playlist
Details
Report
Send in Message
Add To Playlist
More Info:
Area is a measure of total land area. The third column shows both the state and country area together. Some countries are used more than once.
Classic:
Type in answers that appear in a list
Quiz Source
Last Updated: Feb 16, 2017
Quiz Scoreboard
CHALLENGE
Sign Up to Join the Scoreboard
Show All
Scores
Hide
Comments
May contain spoilers
Recently Published
An Introduction to Baseball
by treessimontrees
Sports
5m
Movies - When Are They Set?
by FPL_Elf
Movies
5m
Popular People in 1961
by mucciniale
History
6m
More to Explore
Quiz From the Vault
Featured Blog Post
Where Did the Easter Bunny Come From?
hide this ad
You Might Also Like...
Tags
Country Quiz
State Quiz
United States Quiz
area
Land Area
Size
Today's Top Quizzes in Geography
Browse Geography
hide this ad
Today's Top Quizzes in Country
Browse Country
Top Contributed Quizzes in Geography
1
Countries of the World - No Outlines Minefield
2
Top 25 Cities of France on a map
3
Closest Countries to UK A-Z
4
Any capital of a 'B' country per Continent
5
One Thing in Common: United Kingdom
6
Find the Provinces of Canada - No Outlines Minefield
7
Any capital of a 'C' country per Continent
8
Blind Secret Country CLXXXVIII
9
Find the US States - No Outlines
10
Any capital of a 'D' country per Continent
Explore More
Trending Topics
Anime
Marvel
Harry Potter
Crossword
Kpop
Disney
NBA
Soccer
Puzzle
WWE
Pokémon
Song
The Office
NFL
Country
hide this ad
More By:
wert
Quiz
Plays
Rating
Category
Featured
Created
Ten Years of Big 4 Champions
245,339
3.77
Sports
Jul 11, 2012
'Stan Country Spelling Bee
147,197
3.73
Geography
Aug 14, 2012
Valuable Franchises by Sport (MINEFIELD)
36,206
3.30
Sports
Jul 8, 2011
Capital of each US State *Clickable Minefield*
3,904
4.25
Geography
Jul 8, 2012
Country that...
2,597
2.83
Geography
Oct 4, 2010
Go to Creator's Profile
Score Distribution
Quiz Creator Spotlight
wert
Follow
Send a Message
Quizzes Created
-
Created Quiz Play Count
-
More By This Creator
Popular Quizzes Today
1
Find the Countries of Europe - No Outlines Minefield
2
Find the US States - No Outlines Minefield
3
The Countries of the World
4
Popular People in 1961
5
US States
6
Find the US States
7
1-10 Letter E Words III
8
Risky Map Clicking: Biggest States A-Z
More Geography Quizzes
First Vowel 'A' Countries
Published
Trending Quizzes
Risky Map Clicking: Least Populous States A-Z
1-10 Letter F Words
1-10 Letter G Words
Not Quite an Element Typing Challenge
One Thing in Common: United Kingdom
Recently Updated
Leaping Animals
pecheneg
Reality TV Shows (A-Z)
bhenderson79
Rickey Henderson's Hall of Fame Teammates
pecheneg
Champions League XIs: Arsenal
pecheneg
Quick Pick: Celebrities in WWE's Hall of Fame
aduchscher
A-Z Keypad Blitz II
pecheneg
Multiple Oscar Actors
pecheneg
Mystery Phrase Blitz: Oscar 'Best Actors'
pecheneg
F. Scott Fitzgerald Novels
LTH
Pick 3 Villains
ddd62291
Trending Topics
Marvel
NBA
Crossword
Disney
Harry Potter
Kpop
Anime
Country
Song
WWE
Soccer
The Office
NFL
Puzzle
Pokémon
Your Account Isn't Verified!
In order to create a playlist on Sporcle, you need to verify the email address you used during registration. Go to your
Sporcle Settings
to finish the process.
Report this User
Report this user for behavior that violates our
Community Guidelines
.
Details:
Send Report
Go to the Sporcle.com Mobile Site →
Comments